El mosaico del municipio de Morelia (Record no. 29639)

MARC details
000 -LEADER
fixed length control field 00648nam a22001817a 4500
005 - DATE AND TIME OF LATEST TRANSACTION
control field 20260108114334.0
008 - FIXED-LENGTH DATA ELEMENTS--GENERAL INFORMATION
fixed length control field 120306t mx ||||| |||| 00| 0 spa d
050 04 - LIBRARY OF CONGRESS CALL NUMBER
Classification number F1391.M5
Item number G37 2003
050 04 - LIBRARY OF CONGRESS CALL NUMBER
Classification number F1391.M8
Item number G37 2003
100 1# - MAIN ENTRY--PERSONAL NAME
Personal name García García, Sandra
245 13 - TITLE STATEMENT
Title El mosaico del municipio de Morelia
Remainder of title : Morelia y sus tenecias
Statement of responsibility, etc /Sandra García García.
250 ## - EDITION STATEMENT
Edition statement 1a ed.
260 ## - PUBLICATION, DISTRIBUTION, ETC. (IMPRINT)
Place of publication, distribution, etc Morelia, Mich., México :
Name of publisher, distributor, etc H. Ayuntamiento de Morelia,
Date of publication, distribution, etc c2003
300 ## - PHYSICAL DESCRIPTION
Extent 64 p. :
Other physical details il.,
Dimensions 25 cm.
651 #7 - SUBJECT ADDED ENTRY--GEOGRAPHIC NAME
Source of heading or term lemb
Geographic name Morelia, Michoacán (México)
General subdivision Tenencias
651 #7 - SUBJECT ADDED ENTRY--GEOGRAPHIC NAME
Source of heading or term lemb
Geographic name Morelia, Michoacán (México)
General subdivision Municipios
942 ## - ADDED ENTRY ELEMENTS (KOHA)
Source of classification or shelving scheme Biblioteca del Cogreso de los Estados Unidos
Koha item type Libro
Holdings
Estado de pérdida Fuente de clasificación Estado del daño No para préstamo Ubicación permanente Ubicación actual Apartado o colección Fecha de adquisición Fuente de adquisición Edición Área del conocimiento Clasificación Código de Barras Date last seen Número de copia Costo por reposición Tipo de recurso Total Checkouts Nota pública
  Biblioteca del Cogreso de los Estados Unidos     Biblioteca de la Facultad de Arquitectura Biblioteca de la Facultad de Arquitectura General 08/01/2026 Unidad Académica 1a ed. Educación y Humanidades F1391.M8 G37 c2003 BFA000006432 08/01/2026 1 1.00 Libro   Posgrado
Descarte Biblioteca del Cogreso de los Estados Unidos   Consulta Biblioteca de la Facultad de Contaduría y Ciencias Administrativas Biblioteca de la Facultad de Contaduría y Ciencias Administrativas General 06/03/2012 Donación 1a ed. Educación y Humanidades F1391.M5 G37 2003 BCCA000000401 06/03/2012 1 1.00 Libro    
Descarte Biblioteca del Cogreso de los Estados Unidos     Biblioteca de la Facultad de Contaduría y Ciencias Administrativas Biblioteca de la Facultad de Contaduría y Ciencias Administrativas General 06/03/2012 Donación 1a ed. Educación y Humanidades F1391.M5 G37 2003 BCCA000000402 06/03/2012 2 1.00 Libro